000 00981nam0a22003011 4500
001 v19\rc\1361785
005 20060512121324.9
035 _a(NLR Aleph) 004503420
090 _a4696593
_c4696593
100 _a20060512d1871 |||y0rusy50 ca
101 1 _arus
_cfre
102 _aRU
105 _ay z |||||
200 1 _aКурс арифметики
_fА. Серре
_gС некоторыми изм. пер. [и снабдил предисл.] Н. Юденич
205 _a2-е изд.
210 _aМосква
_cбр. Салаевы
_d1871
215 _a[2], II, 327 с.
_d23
700 1 _aСерре
_bЖ. А.
_f1819-1885
_gЖозеф Альфред
702 1 _aЮденич
_bН. И.
_gНиколай Иванович
_4730
_4080
801 0 _aRU
_bNLR
_gpsbo
801 0 _aRU
_bRuMoRGB
_2psbo
801 1 _aRU
_bProSoft-M
_2rusmarc
852 _aNLR
_j18.88.6.31
899 _aRuMoRGB
_jE 86/325
899 _aБАН
899 _aНБ СПбГУ
942 _cBOOK
980 _aNB